Legislatívny zámer Občianskeho zákonníka vo svetle aproximácie práva

Pripravované zmeny v Občianskom zákonníku z pohľadu zohľadnenia požiadaviek smerníc primárneho a sekundárneho práva Európskeho spoločenstva.

Gespeichert in:
Bibliographische Detailangaben
1. Verfasser: Hmírová, Lenka
Format: Buchkapitel
Sprache:Slowakisch
Schlagworte:
Tags: Tag hinzufügen
Keine Tags, Fügen Sie das erste Tag hinzu!

MARC

LEADER 00000naa a2200000 4500
001 r048760
005 20230929115945.6
041 0 |a slo 
044 |a SK 
245 1 0 |a Legislatívny zámer Občianskeho zákonníka vo svetle aproximácie práva  |c Lenka Hmírová 
520 |a Pripravované zmeny v Občianskom zákonníku z pohľadu zohľadnenia požiadaviek smerníc primárneho a sekundárneho práva Európskeho spoločenstva. 
610 2 0 |a zákonník občiansky 
610 2 0 |a aproximácia práva 
610 2 0 |a smernice 
610 2 0 |a integrácia ekonomická medzinárodná 
610 2 0 |a Európske spoločenstvá 
610 2 0 |a Európska únia 
610 2 0 |a Slovensko 
100 1 |a Hmírová, Lenka